Statistics for History of Egypt

Click here to take the quiz!

General Stats

  • This quiz has been taken 139 times
  • The average score is 12 of 24

Answer Stats

HintAnswer% Correct
Canal built by an Anglo-French company in 1869Suez Canal
93%
Gods/GoddessesRa
88%
Last pharaoh of the Ptolemaic Dynasty (and asp victim)Cleopatra
81%
Famous stone that helped translate ^, discovered in 1799Rosetta Stone
78%
Drawings used by Egyptians as a languageHieroglyphics
77%
Reeds used to make paper and boatsPapyrus
70%
Pharaoh who presided over the Egyptian Golden AgeRamesses II
68%
Division of ChristianityCopts
66%
Leader who instigated the Israelite ExodusMoses
65%
Isis
60%
Anwar Sadat
57%
Hosni Mubarak
56%
Conflict in 1967 when Israel captured the Sinai PeninsulaSix-Day War
55%
PresidentsGamal Abdel Nasser
49%
Pharaoh whom the Great Pyramid is named afterKhufu
49%
Briton who uncovered King Tut's tomb in 1922Howard Carter
38%
Anubis
36%
Set
32%
Mohamed Morsi
24%
King who united Lower and Upper EgyptMenes
21%
Abdul Fatah el-Sisi
20%
Egypt was the seat of this caliphate in the 1100sFatimid
20%
Thoth
16%
Took over Egypt during the Second Intermediate PeriodHyksos
9%

Score Distribution

Percentile by Number Answered

Percent of People with Each Score

Your Score History

You have not taken this quiz